| 000 | 00694nam a2200193Ia 4500 | ||
|---|---|---|---|
| 003 | GCL | ||
| 008 | 140319s9999 xx 000 0 ara d | ||
| 040 |
_aGCL / _cGCL |
||
| 082 | 0 | 4 |
_a810.9 _bف ك |
| 100 | 1 | _aاحمد سلامة محمد السيد | |
| 245 | 1 | 0 |
_aالكاتب الحديث وعالمه:النصف الاول فى القرن العشرين / _cاحمد سلامة محمد السيد |
| 700 | 1 | _aفريزر، ج. س | |
| 260 |
_a[S.N] : _bالهيئة المصرية العامة للكتاب ، _c1994 |
||
| 490 |
_aالالف كتاب _v0 |
||
| 650 | 0 | 4 | _aالادب العربى |
| 650 | 0 | 4 | _aالعصر الحديث |
| 650 | 0 | 4 | _aتاريخ ونقد |
| 942 |
_2ddc _cBK |
||
| 999 |
_c29821 _d29821 |
||